Writer's Choice Grammer and Composition (Record no. 3500)

MARC details
000 -LEADER
fixed length control field 00404nam a22001337a 4500
008 - FIXED-LENGTH DATA ELEMENTS--GENERAL INFORMATION
fixed length control field 250514b |||||||| |||| 00| 0 eng d
020 ## - INTERNATIONAL STANDARD BOOK NUMBER
ISBN 0078226570
245 ## - TITLE STATEMENT
Title Writer's Choice Grammer and Composition
260 ## - PUBLICATION, DISTRIBUTION, ETC. (IMPRINT)
Place of publication United State
Name of publisher Gience/MC Grow-Hill
Date of publication 2001
300 ## - COLLATION
Pagination xxvii, 959p.
Other physical details ill.
650 ## - TRACINGS
Main Subject English Language-Grammer
Subdivision (1st) English Language-Composition
942 ## - ADDED ENTRY ELEMENTS (KOHA)
Item type Books
050 ## - LIBRARY OF CONGRESS CALL NUMBER
Classification number PE1111.A478
Item number .W75
Holdings
Source of classification or shelving scheme Not for loan Permanent location Current location Date acquired Accession No. Full call number Barcode. Koha item type
Library of Congress Classification   Samuel Ogbemudia Main Library, University of Abuja Samuel Ogbemudia Main Library, University of Abuja 05/14/2025 2019/52642 PE1111.A478.W75 2025-1970 Books